00330pab a2200121 454500008004000000100001800040245008600058260000900144300001500153362001200168650001000180773001800190180718b2013 xxu||||| |||| 00| 0 eng d aGomes, Janina aA women and her self: Self actualization and self realization in the 21st century c2013 ap.191-196. aApr-Jun aWomen aSocial Action